BIBLIOTECA PODER JUDICIAL
Portal Judicial TDF

Reparación del daño por clandestinidad laboral tras la ley 27.742. Análisis del fallo Vasold / (Registro nro. 6044)

000 -LEADER
fixed length control field 01476nab a22002657a 4500
003 - CONTROL NUMBER IDENTIFIER
control field OSt
005 - DATE AND TIME OF LATEST TRANSACTION
control field 20260118213306.0
008 - FIXED-LENGTH DATA ELEMENTS--GENERAL INFORMATION
fixed length control field 190605e xxu||||| |||| 00| 0 spa d
040 ## - CATALOGING SOURCE
Transcribing agency PJ
100 ## - MAIN ENTRY--PERSONAL NAME
9 (RLIN) 5286
Personal name Rodríguez, Sergio Omar
245 10 - TITLE STATEMENT
Title Reparación del daño por clandestinidad laboral tras la ley 27.742. Análisis del fallo Vasold /
Statement of responsibility, etc Sergio Omar Rodríguez.
260 ## - PUBLICATION, DISTRIBUTION, ETC. (IMPRINT)
Place of publication, distribution, etc Ciudad Autónoma de Buenos Aires :
Name of publisher, distributor, etc Thomson Reuters La Ley,
Date of publication, distribution, etc 2025.
300 ## - PHYSICAL DESCRIPTION
Extent p. 97-107
500 ## - GENERAL NOTE
General note Cita: TR LALEY AR/DOC/2679/2025.<br/><br/>
505 ## - FORMATTED CONTENTS NOTE
Formatted contents note Sumario: I. Introducción.— II. Antecedentes del caso.— III. Marco normativo y debate constitucional.— IV. La reparación integral en el derecho del trabajo.— V. Extensión de responsabilidad a los socios y desestimación de la personalidad jurídica.— VI. Valoración crítica del precedente.— VII. A modo de colofón.
505 ## - FORMATTED CONTENTS NOTE
Formatted contents note Fallo comentado: JNTrab. Nro. 77 ~ 08/09/2025 ~ Vasold, Vanesa Soledad c. MPV Construcciones S.R.L. y otros s/ despido.
505 ## - FORMATTED CONTENTS NOTE
Title ¿Te interesa el texto completo? Solicitalo al correo: koha@justierradelfuego.gov.ar
650 #0 - SUBJECT ADDED ENTRY--TOPICAL TERM
9 (RLIN) 1316
Topical term or geographic name as entry element DERECHO LABORAL
650 #0 - SUBJECT ADDED ENTRY--TOPICAL TERM
9 (RLIN) 1533
Topical term or geographic name as entry element DESPIDO
650 #0 - SUBJECT ADDED ENTRY--TOPICAL TERM
9 (RLIN) 1534
Topical term or geographic name as entry element INDEMNIZACION POR DESPIDO
650 #0 - SUBJECT ADDED ENTRY--TOPICAL TERM
9 (RLIN) 3327
Topical term or geographic name as entry element DAÑO MATERIAL
650 #0 - SUBJECT ADDED ENTRY--TOPICAL TERM
Topical term or geographic name as entry element DAÑO EXTRAPATRIMONIAL
773 0# - HOST ITEM ENTRY
Host Biblionumber 2711
Host Itemnumber 3168
Place, publisher, and date of publication Ciudad Autónoma de Buenos Aires : Thomson Reuters La Ley, 1999-2002.
Title Revista de derecho del trabajo. Nº 6 - Noviembre 2025
942 ## - ADDED ENTRY ELEMENTS (KOHA)
Source of classification or shelving scheme
Koha item type Analítica Artículo de Revista

No hay ítems disponibles.

12 de Octubre 789 Ushuaia - Tel:  54(02901)441571
Horario de Atención: 8.00 a 17.00 hs. 
bibliotecaush@justierradelfuego.gov.ar
koha@justierradelfuego.gov.ar
Seguinos en nuestras redes @bibliojustdf 

Con tecnología Koha